Detalles MARC
| 000 -LEADER |
| fixed length control field |
01665nam a2200421Ii 4500 |
| 001 - CONTROL NUMBER |
| control field |
DIGCOR0794 |
| 003 - CONTROL NUMBER IDENTIFIER |
| control field |
NyNyDIG |
| 006 - FIXED-LENGTH DATA ELEMENTS--ADDITIONAL MATERIAL CHARACTERISTICS |
| fixed length control field |
m o d |
| 007 - PHYSICAL DESCRIPTION FIXED FIELD--GENERAL INFORMATION |
| fixed length control field |
cr ||||||||||| |
| 008 - FIXED-LENGTH DATA ELEMENTS--GENERAL INFORMATION |
| fixed length control field |
130401s2001 sp a ob 000 0 spa d |
| 020 ## - INTERNATIONAL STANDARD BOOK NUMBER |
| Canceled/invalid ISBN |
9788495322920 |
| 020 ## - INTERNATIONAL STANDARD BOOK NUMBER |
| Canceled/invalid ISBN |
8495322927 |
| 035 ## - SYSTEM CONTROL NUMBER |
| System control number |
(OCoLC)888262498 |
| 040 ## - CATALOGING SOURCE |
| Original cataloging agency |
DGITA |
| Language of cataloging |
eng |
| Description conventions |
pn |
| Transcribing agency |
DGITA |
| 043 ## - GEOGRAPHIC AREA CODE |
| Geographic area code |
e-sp--- |
| 050 #0 - LIBRARY OF CONGRESS CALL NUMBER |
| Classification number |
LC1099.5.S7 eBook |
| 100 1# - MAIN ENTRY--PERSONAL NAME |
| Personal name |
Terrén, Eduardo, |
| Dates associated with a name |
1962- |
| 245 13 - TITLE STATEMENT |
| Title |
El contacto intercultural en la escuela : |
| Remainder of title |
la experiencia educativa de gitanos e hijos de inmigrantes en el área metropolitana de A Coruña / |
| Statement of responsibility, etc. |
Eduardo Terrén. |
| 264 #1 - PRODUCTION, PUBLICATION, DISTRIBUTION, MANUFACTURE, AND COPYRIGHT NOTICE |
| Place of production, publication, distribution, manufacture |
Xuño, A Coruña, Spain : |
| Name of producer, publisher, distributor, manufacturer |
Universidade da Coruña, Servicio de Publicacións, |
| Date of production, publication, distribution, manufacture, or copyright notice |
2001. |
| 300 ## - PHYSICAL DESCRIPTION |
| Extent |
1 online resource (171 pages) |
| 336 ## - CONTENT TYPE |
| Content type term |
text |
| Content type code |
txt |
| Source |
rdacontent |
| 337 ## - MEDIA TYPE |
| Media type term |
computer |
| Media type code |
c |
| Source |
rdamedia |
| 338 ## - CARRIER TYPE |
| Carrier type term |
online resource |
| Carrier type code |
cr |
| Source |
rdacarrier |
| 490 1# - SERIES STATEMENT |
| Series statement |
Monografías ; |
| Volume/sequential designation |
no. 94. |
| 504 ## - BIBLIOGRAPHY, ETC. NOTE |
| Bibliography, etc. note |
Includes bibliographical references (p. 165-171). |
| 650 #0 - SUBJECT ADDED ENTRY--TOPICAL TERM |
| Topical term or geographic name entry element |
Multicultural education |
| Geographic subdivision |
Spain |
| -- |
La Coruña. |
| 650 #0 - SUBJECT ADDED ENTRY--TOPICAL TERM |
| Topical term or geographic name entry element |
Romanies |
| General subdivision |
Education |
| Geographic subdivision |
Spain |
| -- |
La Coruña. |
| 650 #0 - SUBJECT ADDED ENTRY--TOPICAL TERM |
| Topical term or geographic name entry element |
Children of immigrants |
| General subdivision |
Education |
| Geographic subdivision |
Spain |
| -- |
La Coruña. |
| 650 #0 - SUBJECT ADDED ENTRY--TOPICAL TERM |
| Topical term or geographic name entry element |
Acculturation |
| Geographic subdivision |
Spain |
| -- |
La Coruña. |
| 650 #0 - SUBJECT ADDED ENTRY--TOPICAL TERM |
| Topical term or geographic name entry element |
Romanies |
| General subdivision |
Cultural assimilation |
| Geographic subdivision |
Spain |
| -- |
La Coruña. |
| 655 #0 - INDEX TERM--GENRE/FORM |
| Genre/form data or focus term |
Electronic books. |
| 791 2# - |
| -- |
Digitalia (Firm), |
| -- |
distributor. |
| 793 0# - |
| -- |
Digitalia eBook Collection: |
| -- |
Universidade da Coruña |
| 830 #0 - SERIES ADDED ENTRY--UNIFORM TITLE |
| Uniform title |
Monografías (Universidade da Coruña) ; |
| Volume/sequential designation |
no. 94. |
| 856 40 - ELECTRONIC LOCATION AND ACCESS |
| Materials specified |
Digitalia Hispánica |
| Uniform Resource Identifier |
<a href="https://www.digitaliapublishing.com/a/1097/">https://www.digitaliapublishing.com/a/1097/</a> |
| 910 ## - USER-OPTION DATA (OCLC) |
| User-option data |
Premium Collection: 2007-2012 |
| 942 ## - ADDED ENTRY ELEMENTS (KOHA) |
| Koha item type |
Recurso Electrónico |